书目信息 |
| 题名: |
新建本科院校教学质量保障体系构建与教学管理创新
|
|
| 作者: | 刘伟 著 | |
| 分册: | ||
| 出版信息: | 长春 吉林大学出版社 2020.06 |
|
| 页数: | 203页 | |
| 开本: | 26cm | |
| 丛书名: | ||
| 单 册: | ||
| 中图分类: | G642.0 , G647.3 | |
| 科图分类: | ||
| 主题词: | 高等学校--教学质量--质量管理体系--研究--中国 , 高等学校--教学管理--研究--中国 | |
| 电子资源: | ||
| ISBN: | 978-7-5692-5935-3 | |
| 000 | 01110nam0 2200253 450 | |
| 001 | 0103152646 | |
| 005 | 20201103152730.0 | |
| 010 | @a978-7-5692-5935-3@dCNY60.00 | |
| 100 | @a20200508d2020 em y0chiy50 ea | |
| 101 | 0 | @achi |
| 102 | @aCN@b220000 | |
| 105 | @ay z 000yy | |
| 106 | @ar | |
| 200 | 1 | @a新建本科院校教学质量保障体系构建与教学管理创新@Axin jian ben ke yuan xiao jiao xue zhi liang bao zhang ti xi gou jian yu jiao xue guan li chuang xin@f刘伟著 |
| 210 | @a长春@c吉林大学出版社@d2020.06 | |
| 215 | @a203页@d26cm | |
| 330 | @a本书共分九章,内容包括:新建本科院校教学质量保障体系概述、新建本科院校内部教学质量保障体系构建研究、新建本科院校实践教学质量保障体系构建研究、新建应用技术型本科院校教学质量保障体系构建研究、新建本科院校教学管理创新概述、新建本科院校教学管理的问题分析与对策研究、新建本科院校教学管理模式的改进与创新等。 | |
| 606 | 0 | @a高等学校@x教学质量@x质量管理体系@x研究@y中国 |
| 606 | 0 | @a高等学校@x教学管理@x研究@y中国 |
| 690 | @aG642.0@v5 | |
| 690 | @aG647.3@v5 | |
| 701 | 0 | @a刘伟@Aliu wei@4著 |
| 801 | 0 | @aCN@bBJSZM@c20201103 |
| 905 | @b1255836-40@dG642.0@e1637@f5 | |
| 新建本科院校教学质量保障体系构建与教学管理创新/刘伟著.-长春:吉林大学出版社,2020.06 |
| 203页;26cm |
| ISBN 978-7-5692-5935-3:CNY60.00 |
| 本书共分九章,内容包括:新建本科院校教学质量保障体系概述、新建本科院校内部教学质量保障体系构建研究、新建本科院校实践教学质量保障体系构建研究、新建应用技术型本科院校教学质量保障体系构建研究、新建本科院校教学管理创新概述、新建本科院校教学管理的问题分析与对策研究、新建本科院校教学管理模式的改进与创新等。 |
| ● |
| 相关链接 |
|
|
|
|
正题名:新建本科院校教学质量保障体系构建与教学管理创新
索取号:G642.0/1637
 
预约/预借
| 序号 | 登录号 | 条形码 | 馆藏地/架位号 | 状态 | 备注 |
| 1 | 1255836 | 212558365 | 教育系资料室/ [索取号:G642.0/1637] | 在馆 | |
| 2 | 1255837 | 212558374 | 教育系资料室/ [索取号:G642.0/1637] | 在馆 | |
| 3 | 1255838 | 212558383 | 教育系资料室/ [索取号:G642.0/1637] | 在馆 | |
| 4 | 1255839 | 212558392 | 第四借阅区/ [索取号:G642.0/1637] | 在馆 | |
| 5 | 1255840 | 212558409 | 第四借阅区/ [索取号:G642.0/1637] | 在馆 | |
| 6 | 1289527 | 212895278 | 第一样本阅览室/ [索取号:G642.0/1637] | 在馆 | |
| 7 | 1289528 | 212895287 | 第四借阅区/ [索取号:G642.0/1637] | 在馆 | |
| 8 | 1289529 | 212895296 | 第四借阅区/ [索取号:G642.0/1637] | 在馆 | |
| 9 | 1289530 | 212895303 | 第四借阅区/ [索取号:G642.0/1637] | 在馆 |